Family planning operations research: a book of readings (Record no. 2360)

MARC details
000 -LEADER
fixed length control field 00502nam a2200181Ia 4500
020 ## - INTERNATIONAL STANDARD BOOK NUMBER
ISBN 0-87834-092-0
082 ## - DEWEY DECIMAL CLASSIFICATION NUMBER
Classification number 363.96072 FAM;
245 #0 - TITLE STATEMENT
Title Family planning operations research: a book of readings
260 ## - PUBLICATION, DISTRIBUTION, ETC. (IMPRINT)
Place of publication New York
Name of publisher Population Council
Year of publication 1998
300 ## - PHYSICAL DESCRIPTION
Number of Pages 391p.
650 ## - SUBJECT ADDED ENTRY--TOPICAL TERM
Topical Term Birth control clinics - Management
650 ## - SUBJECT ADDED ENTRY--TOPICAL TERM
Topical Term Family planning
650 ## - SUBJECT ADDED ENTRY--TOPICAL TERM
Topical Term Birth control - Research
650 ## - SUBJECT ADDED ENTRY--TOPICAL TERM
Topical Term Operations research
700 ## - ADDED ENTRY--PERSONAL NAME
Personal name Foreit, James R.
700 ## - ADDED ENTRY--PERSONAL NAME
Personal name Frejka, Thomas
942 ## - ADDED ENTRY ELEMENTS (KOHA)
Koha item type Books
Holdings
Withdrawn status Lost status Damaged status Not for loan Home library Current library Date acquired Bill Date Full call number Accession Number Price effective from Koha item type
        NASSDOC Library NASSDOC Library 08/06/2004 2004-10-05 363.96072 FAM; 37068 18/04/2019 Books